Picture books in the primary classroom
Αποθηκεύτηκε σε:
| Κύριος συγγραφέας: | |
|---|---|
| Μορφή: | Βιβλίο |
| Γλώσσα: | English |
| Δημοσίευση: |
London :
Paul Chapman,
1991
|
| Θέματα: | |
| Ετικέτες: |
Προσθήκη ετικέτας
Δεν υπάρχουν, Καταχωρήστε ετικέτα πρώτοι!
|
MARC
| LEADER | 00000nam a2200000 i 4500 | ||
|---|---|---|---|
| 001 | 1/99640 | ||
| 008 | 000127s1991 eng d | ||
| 020 | |a 1-85396-144-2 | ||
| 035 | |l 10056964 | ||
| 040 | |a GR-MY-UA |b gre |e aacr | ||
| 041 | 0 | |a eng | |
| 082 | 0 | |a 372.13209 | |
| 100 | 1 | |a Marriott, Stuart. | |
| 245 | 1 | 0 | |a Picture books in the primary classroom / |c Stuart Marriott |
| 260 | |a London : |b Paul Chapman, |c 1991 | ||
| 300 | |a 149 p. | ||
| 650 | 0 | 0 | |a Picture books for children |x Educational aspects |z England. |
| 650 | 0 | 0 | |a School children |x Books and reading |z England. |
| 650 | 0 | 0 | |a Children |z England |x Language. |
| 852 | |a INST |b RHODES |e 20000127 |h 372.13209 MAR |p 005400012226 |q 005400012226 |t BK |y 0 | ||
| 901 | |a BIBL4-2000-1 | ||
| 909 | |a Ρ |b 068623 | ||
| 922 | |a 4ΕΛΗ |b 199909 |c ΚΠΣ/154 |d GLORY BOOKS | ||
| 970 | |a ΚΟΥΛΑΚΙΟΤΗ |b ΛΙΤΣΑ |z 2000/01/27 | ||